000 00481nam a2200193Ia 4500
003 GCL
008 140319s9999 xx 000 0 aRus d
040 _aGCL /
_cGCL
082 0 4 _a863
_bL E
100 1 _aLLAMAZARES, JULIO
245 1 0 _aESCENAS DE CINE MUDO /
_cLLAMAZARES, JULIO
260 _a[S.N] :
_bSEIX BARRAL ،
_c1994
300 _a221
650 0 4 _aLITERATURE
650 0 4 _aFICTION
650 0 4 _aSPANISH LITERATURE
650 0 4 _aSPANISH FICTION
942 _2ddc
_cBK
999 _c12883
_d12883